000 00408 a2200157 4500
001 170418
020 _a
040 _cMagnum
100 _aRezende, Antonio Paulo
240 1 0 _aRumos da historia: historia geral e do brasil - volume unico
_lpor
245 1 0 _aRumos da historia: historia geral e do brasil - volume unico
362 0 _a1899
440 1 _aSaraiva
697 _aPARADIDATICO
942 _cBK
999 _c170418
_d170418